00915nam a2200253 i 4500001001000000003000900010005001700019007000300036008004100039040003000080082001400110100003600124245010900160264007000269300004200339336002700381337003300408338002800441590002800469910000700497942001400504952012600518999001700644000032130DO-SdBNP20231023103701.0ta110712s1978 mx 000 0 spa d aDO-SdBNPbspacBNPHUerda bL315c222 aLaporte, Virginiaeautor98451113aCurso de religión de segundo año de primaria /cHna. Virginia Laporte ; dibujos Jesús A. Sánchez aSanto Domingo bInstituto Catequistico Fray Ramón Pané,c1979 a128 paginas. :bilustracionesc28 cm. 2rdacontentatextobtxt 2rdamediaasin mediaciónbn 2rdacarrieravolumenbnc aInventariado, 2023 / DG aDG 2ddccLBS1 00102ddc51708PDaBNPHUbBNPHUcCTd2023-10-23edonaciónl0oBNPHU PD L315cp2023-7168r2023-10-23w2023-10-23yLBS1 c55242d55242